[Event "Barcelona Sant Marti op-B 24th"]
[Site "Barcelona"]
[Date "2024.07.20"]
[Round "8"]
[White "Li, Leon1"]
[Black "De Querol Rubio, Luis"]
[Result "0-1"]
[WhiteElo "1621"]
[BlackElo "1795"]
[PlyCount "124"]
[EventDate "2024.07.13"]
[EventType "swiss"]
[EventRounds "9"]
[EventCountry "ESP"]
[SourceTitle "EXT 2025"]
[Source "ChessBase"]
[SourceDate "2024.10.14"]
[SourceVersion "1"]
[SourceVersionDate "2024.10.14"]
[SourceQuality "1"]

1. e4 c6 2. d4 d5 3. e5 Bf5 4. c3 e6 5. Nf3 c5 6. Bd3 Bxd3 7. Qxd3 Nc6 8. 0-0 Nge7 9. Be3 cxd4 10. cxd4 Nf5 11. Nc3 Be7 12. Qd2 0-0 13. Rad1 Rc8 14. a3 Na5 15. Rfe1 Nc4 16. Qc2 b5 17. Qb3 Rb8 18. Na2 a5 19. Re2 Qb6 20. Qd3 Rfc8 21. h3 Rc7 22. Nc1 b4 23. axb4 Qxb4 24. b3 Ncxe3 25. fxe3 Ng3 26. Rc2 Rcb7 27. Qd2 Qxd2 28. Rcxd2 Ba3 29. Ne2 Ne4 30. Rd3 Rxb3 31. Kh2 g6 32. Kg1 a4 33. Ne1 Rxd3 34. Nxd3 Rb3 35. Nf2 Rxe3 36. Nxe4 Rxe4 37. Nc3 Re3 38. Nxa4 Rb3 39. Ra1 Rd3 40. Kh1 Kg7 41. Kg1 h5 42. Kf1 Be7 43. Nb2 Rxd4 44. Ra7 Rd2 45. Rxe7 Rxb2 46. Rc7 Rb4 47. Rc2 Re4 48. Re2 Rxe2 49. Kxe2 f6 50. exf6+ Kxf6 51. Kf3 e5 52. Ke3 Kf5 53. Kf3 e4+ 54. Ke3 Ke5 55. Kf2 d4 56. Kg3 h4+ 57. Kxh4 d3 58. Kg5 d2 59. Kxg6 d1Q 60. g4 Qf3 61. g5 Qxh3 62. Kf7 Qf5+ 0-1